Margot Loyola Palacios
Furkejuvvon:
| Váldodahkkit: | , |
|---|---|
| Materiálatiipa: | Girji |
| Giella: | espánnjágiella |
| Almmustuhtton: |
Valparaíso
Ediciones Universitarias
2019
|
| Preanttus: | 1a. ed |
| Ráidu: | Colección Centenario
|
| Fáttát: | |
| Fáddágilkorat: |
Lasit fáddágilkoriid
Eai fáddágilkorat, Lasit vuosttaš fáddágilkora!
|
MARC
| LEADER | 00000cam a2200000 a 4500 | ||
|---|---|---|---|
| 001 | UCC8667 | ||
| 003 | CL-VaPUC | ||
| 008 | 190809e20190000cl |||||||||||||||||spa|d | ||
| 020 | |a 9789561708297v.1 | ||
| 020 | |a 9789561708266v.2 | ||
| 020 | |a 9789561708273v.3 | ||
| 020 | |a 9789561708280v.4 | ||
| 082 | 0 | 4 | |a 793.31 |b LOY |2 21 |
| 100 | |a Loyola Palacios, Margot |e autora |9 367508 | ||
| 700 | 0 | |a Cádiz Valenzuela, Osvaldo |e author |9 603377 | |
| 245 | 1 | 0 | |a Margot Loyola Palacios |
| 250 | |a 1a. ed | ||
| 300 | |a 4 v | ||
| 942 | |c BK | ||
| 945 | |d 20190809 11:18:00 |a dcastane | ||
| 260 | |a Valparaíso |b Ediciones Universitarias |c 2019 | ||
| 500 | |a v.1: la cueca. Danza de la vida y la muerte | ||
| 500 | |a v.2: la tonada. Testimonio para el futuro | ||
| 500 | |a v.3: el cachimbo. Danza tarapaqueña de pueblos y quebradas | ||
| 500 | |a v.4: bailes de tierra en Chile | ||
| 650 | 0 | |a Bailes folkloricos |9 409912 | |
| 650 | 0 | |a Música folklórica chilena |9 326575 | |
| 650 | 0 | |a Danzas folkloricas chilenas |9 425736 | |
| 583 | |a last modification |c 20190809 11:18:00 |k Rodrigo Vera | ||
| 490 | 0 | |a Colección Centenario | |
| 999 | |c 374936 |d 374934 | ||
| 952 | |0 0 |1 0 |3 erb |4 0 |6 793_310000000000000_LOY_2019 |7 0 |8 X |9 493718 |a FDOMLP |b FDOMLP |h v.1 |i 5594340 |o 793.31 LOY 2019 |p 5594340 |r 2019-11-24 |w 2019-11-24 |y BK_X |z Catalogado en:20190809 |k BU2 | ||
| 952 | |0 0 |1 0 |3 erb |4 0 |6 793_310000000000000_LOY_2019 |7 0 |8 X |9 493719 |a FDOMLP |b FDOMLP |h v.2 |i 5594359 |o 793.31 LOY 2019 |p 5594359 |r 2019-11-24 |w 2019-11-24 |y BK_X |z Catalogado en:20190809 |k BU2 | ||
| 952 | |0 0 |1 0 |3 erb |4 0 |6 793_310000000000000_LOY_2019 |7 0 |8 X |9 493720 |a FDOMLP |b FDOMLP |h v.3 |i 5594375 |o 793.31 LOY 2019 |p 5594375 |r 2019-11-24 |w 2019-11-24 |y BK_X |z Catalogado en:20190809 |k BU2 | ||
| 952 | |0 0 |1 0 |3 erb |4 0 |6 793_310000000000000_LOY_2019 |7 0 |8 X |9 493721 |a FDOMLP |b FDOMLP |h v.4 |i 5594367 |o 793.31 LOY 2019 |p 5594367 |r 2019-11-24 |w 2019-11-24 |y BK_X |z Catalogado en:20190809 |k BU2 | ||